| 000 | 00343 a2200133 4500 | ||
|---|---|---|---|
| 001 | 76693 | ||
| 082 | _a620.112 BOR | ||
| 090 |
_c39212 _d39212 |
||
| 100 | _aArthur P. Boresi; Richard J. Schmidt | ||
| 245 |
_aAdvanced Mechanics of Material 6th Ed _hEnglish |
||
| 250 | _a6 | ||
| 260 |
_aSingapore _bJohn Wiley _c2003 |
||
| 300 | _axiii,681p | ||
| 942 |
_aCAE NUST _k620.112 BOR |
||
| 999 |
_c311766 _d311766 |
||